Detalles MARC
| 000 -CABECERA |
| campo de control de longitud fija |
00845cam a2200265 a 4500 |
| 001 - NÚMERO DE CONTROL |
| campo de control |
000019645 |
| 005 - FECHA Y HORA DE LA ÚLTIMA TRANSACCIÓN |
| campo de control |
20200929170104.0 |
| 008 - DATOS DE LONGITUD FIJA--INFORMACIÓN GENERAL |
| campo de control de longitud fija |
751014s1967 sp 001 e spa d |
| 035 ## - NÚMERO DE CONTROL DEL SISTEMA |
| Número de control de sistema |
(OCoLC)1702894 |
| 040 ## - FUENTE DE LA CATALOGACIÓN |
| Centro catalogador/agencia de origen |
DO-SdBNP |
| Centro/agencia transcriptor |
FM |
| Centro/agencia modificador |
DLC |
| 082 ## - NÚMERO DE LA CLASIFICACIÓN DECIMAL DEWEY |
| Número de clasificación |
864.6 |
| Número de documento/Ítem |
F363g, 1967 |
| 049 ## - FONDOS LOCALES (OCLC) |
| Fondos de biblioteca |
BNGR |
| 100 1# - ENTRADA PRINCIPAL--NOMBRE DE PERSONA |
| Nombre de persona |
Fernández Flórez, Wenceslao, |
| Fechas asociadas al nombre |
1885-1964. |
| 9 (RLIN) |
22402 |
| 245 14 - MENCIÓN DE TÍTULO |
| Título |
Las gafas del diablo / |
| Mención de responsabilidad, etc. |
W. Fernández Flórez. |
| 250 ## - MENCIÓN DE EDICIÓN |
| Mención de edición |
8a ed. |
| 260 ## - PUBLICACIÓN, DISTRIBUCIÓN, ETC. |
| Lugar de publicación, distribución, etc. |
Madrid : |
| Nombre del editor, distribuidor, etc. |
Espasa-Calpe, |
| Fecha de publicación, distribución, etc. |
1967. |
| 300 ## - DESCRIPCIÓN FÍSICA |
| Extensión |
146 p. ; [16] ; |
| Dimensiones |
18 cm. |
| 490 1# - MENCIÓN DE SERIE |
| Mención de serie |
Austral. Azul: novelas y cuentos en general |
| Designación de volumen o secuencia |
145 |
| 500 ## - NOTA GENERAL |
| Nota general |
Incluye índice de autores |
| 650 #4 - PUNTO DE ACCESO ADICIONAL DE MATERIA--TÉRMINO DE MATERIA |
| Término de materia o nombre geográfico como elemento de entrada |
Ensayos españoles |
| 9 (RLIN) |
3095 |
| 650 #4 - PUNTO DE ACCESO ADICIONAL DE MATERIA--TÉRMINO DE MATERIA |
| Término de materia o nombre geográfico como elemento de entrada |
Literatura española |
| 9 (RLIN) |
632 |
| 830 #0 - PUNTO DE ACCESO ADICIONAL DE SERIE-TÍTULO UNIFORME |
| Título uniforme |
Austral |
| Nombre de parte o sección de la obra |
Azul: novelas y cuentos en general |
| Designación de volumen o secuencia |
145 |
| 9 (RLIN) |
22386 |
| 910 ## - DATOS DE OPCIÓN DEL USUARIO (OCLC) |
| Datos de opción del usuario |
Catalogación derivada / LC |
| 910 ## - DATOS DE OPCIÓN DEL USUARIO (OCLC) |
| Datos de opción del usuario |
WM |